| 000 | 00991nam a22002535a 4500 | ||
|---|---|---|---|
| 003 | OSt | ||
| 005 | 20151125100746.0 | ||
| 008 | 151125s2010 su o gr 000 0 ara d | ||
| 020 | _a9786030002825 | ||
| 040 |
_aEG-ScBUE _bara _cEG-ScBUE |
||
| 043 | _aa-aj--- | ||
| 082 | 0 | 4 |
_a320.94754 _bأ و ر _222 |
| 100 | 1 |
_aأوروجوف، هدايات، _d1944- _938796 |
|
| 245 | 1 | 0 |
_aحيدر علييف والسياسة القومية في أذربيجان / _cتأليف هدايات أوروجوف ؛ تقديم ماجد بن عبد العزيز التركي. |
| 250 | _aط. 2. | ||
| 260 |
_aالرياض : _bهدايات أوروجوف، _c2010. |
||
| 300 |
_a290 ص. : _bصور ؛ _c24 سم. |
||
| 541 | _aDonation from Shahla - Azarbaijan. | ||
| 650 | _2BUEsh | ||
| 651 |
_aأذربيجان _xأحوال سياسية _yحيدر عيليف (1993-2003 م.) _2BUEsh |
||
| 653 |
_bGGEN _cNovember2015 |
||
| 700 | 1 |
_aالتركي، ماجد بن عبد العزيز، _eمقدم. |
|
| 942 | _2ddc | ||
| 999 |
_c21080 _d21052 |
||